Normale Ansicht MARC-Ansicht ISBD

The Global Age of Revolutions : (Titelsatznr. 74088)

[ MARC ]
MARC-Details
000 -Satzkennung
Kontrollfeld mit fester Länge 01925nam a22004453i 4500
001 - Kontrollnummer
Kontrollfeld EBC32292524
003 - Kontrollnummer Identifier
Kontrollfeld MiAaPQ
005 - Datum und Zeit der letzten Transaktion
Kontrollfeld 20260416173615.0
007 - Feld mit fester Länge zur physischen Beschreibung - Allgemeine Information
Kontrollfeld mit fester Länge cr cnu||||||||
008 - Feld mit fester Länge zur physischen Beschreibung - Allgemeine Angaben
Kontrollfeld mit fester Länge 260416s2026 xx o ||||0 eng d
020 ## - Internationale Standardbuchnummer
Internationale Standardbuchnummer 9780813954578
Nähere Angaben (electronic bk.)
020 ## - Internationale Standardbuchnummer
Gelöschte/ungültige ISBN 9780813954554
040 ## - Katalogisierungsquelle
Original-Katalogisierungsstelle MiAaPQ
Katalogisierungssprache eng
Übertragungsstelle MiAaPQ
100 1# - Haupteintragung - Personenname
Personenname Banks, Bryan A.
Koha-Normdatenidentnummer 69060
245 14 - Titel
Titel The Global Age of Revolutions :
Zusatz zum Titel A History from 1650 to Today.
250 ## - Ausgabebezeichnung
Ausgabebezeichnung 1st ed.
264 #1 - Produktion, Veröffentlichung, Distribution, Herstellung und Urheberrechtsvermerk
Herstellungs-, Veröffentlichungs- Vertriebs-, Erzeugungsort La Vergne :
Produzent, Herausgeber, Distributor, Hersteller University of Virginia Press,
Datum der Herstellung, der Veröffentlichung, des Vertriebs oder des Urheberschutzvermerks 2026.
264 #4 - Produktion, Veröffentlichung, Distribution, Herstellung und Urheberrechtsvermerk
Datum der Herstellung, der Veröffentlichung, des Vertriebs oder des Urheberschutzvermerks ©2026.
300 ## - Physische Beschreibung
Umfang 1 online resource (273 pages)
336 ## - Inhaltstyp
Inhaltstypterm Text
Inhaltstypcode txt
Quelle rdacontent
337 ## - Medientyp
Bezeichnung des Medientyps Computermedien
Medientypcode c
Quelle rdamedia
338 ## - Datenträgertyp
Datenträgertypbezeichnung Online Resource
Datenträgertypcode cr
Quelle rdacarrier
490 0# - Gesamttitelangabe
Gesamttitelangabe The Revolutionary Age Series
500 ## - Allgemeine Fußnote
Allgemeine Fußnote E-Book-ProQuest / Fernzugriff nach Registrierung möglich
520 ## - Fußnote zu Zusammenfassungen usw.
Fußnote zur Zusammenfassung usw. Redrawing the map and resetting the clock of the Age of Revolutions In 2015, Bryan Banks and Cindy Ermus launched AgeofRevolutions.com, a site offering critical reconsideration of the foundational concept of revolution and centered on three key questions: What was the Age of Revolutions?Where was the Age of Revolutions?.
655 ## - Indexierungsterm - Genre/Form
Genre/Form oder fokussierter Term Fernzugriff
Koha-Normdatenidentnummer 230
655 #4 - Indexierungsterm - Genre/Form
Genre/Form oder fokussierter Term
700 1# - Nebeneintragung - Personenname
Personenname Ermus, Cindy.
Koha-Normdatenidentnummer 69061
700 1# - Nebeneintragung - Personenname
Personenname Davidson, Denise Z.
Koha-Normdatenidentnummer 69062
700 1# - Nebeneintragung - Personenname
Personenname Carter, Katlyn Marie.
Koha-Normdatenidentnummer 69063
700 1# - Nebeneintragung - Personenname
Personenname Edelstein, Dan.
Koha-Normdatenidentnummer 770
700 1# - Nebeneintragung - Personenname
Personenname de Graaf, Beatrice A.
Koha-Normdatenidentnummer 69064
700 1# - Nebeneintragung - Personenname
Personenname La Serna, Miguel Abram.
Koha-Normdatenidentnummer 69065
700 1# - Nebeneintragung - Personenname
Personenname Pichichero, Christy L.
Koha-Normdatenidentnummer 27321
700 1# - Nebeneintragung - Personenname
Personenname Hunt, Lynn.
Koha-Normdatenidentnummer 69066
700 1# - Nebeneintragung - Personenname
Personenname Smith, Andrew Wm.
Koha-Normdatenidentnummer 69067
776 08 - Andere physische Form
Verweisungsphrase Print version:
Haupteintragung Banks, Bryan A.
Titel The Global Age of Revolutions
Ort, Verlag und Erscheinungsjahr La Vergne : University of Virginia Press,c2026
Internationale Standardbuchnummer 9780813954554
856 40 - Elektronische Adresse und Zugriff
URL <a href="https://ebookcentral.proquest.com/lib/maxweberstiftung-ebooks/detail.action?docID=32292524">https://ebookcentral.proquest.com/lib/maxweberstiftung-ebooks/detail.action?docID=32292524</a>
OPAC-Notiz Volltext
942 ## - Zusätzliche Felder (Koha)
Koha-Medientyp E-Books
Exemplare
Ausgeschieden Verloren Klassifikation oder Aufstellungssystematik Beschädigt Nicht entleihbar Heimatbibliothek Aufenthaltsbibliothek Aufstellungsort Erwerbungsdatum Inventarnummer Signatur Barcode Letzte Aktivität Preis gültig von Koha-Medientyp
    Andere/Generische Klassifikation     MWN Osteuropa MWN Osteuropa Online-Ressource 16/04/2026 26-e00328 E-26-e00328 77025 16/04/2026 16/04/2026 E-Books